000 00338 a2200109 4500
001 ART_52654
005 20260410162029.0
008 260409a
245 1 0 _aEl régimen de la acción civil de extinción de dominio
100 1 _aHumphreys, Ethel
773 0 _tTemas de derecho procesal
_g- N° 6 (jun. 2021)
_wREV44095
999 _c33800
_d33800